| 000 | 00817nam a2200241 a 4500 | ||
|---|---|---|---|
| 005 | 20210223133606.0 | ||
| 008 | 180531s1989 mx r 000 0 spa d | ||
| 020 | _a8475797350 | ||
| 035 | _aUPN01000225110 | ||
| 049 | _aCG | ||
| 050 | 4 |
_aHM728 _bC6.2 |
|
| 111 | 2 |
_aCongreso Internacional de Intelectuales y Artistas _d(1987 : _cValencia, Esp.) |
|
| 245 | 1 | 0 |
_aCongreso internacional de intelectuales y artistas / _bcomp. Joan Alvarez Valencia. |
| 260 |
_aValencia, Esp. : _bGeneralitat Valenciana, _c1989. |
||
| 300 | _av- | ||
| 440 | 0 | _aHomenatges | |
| 500 | _aLa biblioteca tiene los vols. 1 y 3 | ||
| 650 | 4 |
_aINTELECTUALES - _zEUROPA - _vCONGRESOS _926859 |
|
| 651 | 4 |
_aEUROPA - _xVIDA INTELECTUAL - _vCONGRESOS _926858 |
|
| 700 | 1 |
_aAlvarez Valencia, Joan, _ecomp. |
|
| 905 | _aLibro | ||
| 999 |
_c197206 _d197206 |
||